[Event "TUR-chT2"]
[Site "Konya"]
[Date "2018.07.14"]
[Round "7.22"]
[White "Cekceoglu, Deniz"]
[Black "Sanlisavas, Murat"]
[Result "0-1"]
[WhiteElo "1258"]
[BlackElo "1560"]
[PlyCount "68"]
[EventDate "2018.07.10"]
[EventType "team-swiss"]
[EventRounds "9"]
[EventCountry "TUR"]
[SourceTitle "EXT 2019"]
[Source "ChessBase"]
[SourceDate "2018.10.10"]
[SourceVersion "1"]
[SourceVersionDate "2018.10.10"]
[SourceQuality "1"]
[WhiteTeam "Ermenek Turkuaz Yelken"]
[BlackTeam "Antalya Cankaya Univ"]
[WhiteTeamCountry "TUR"]
[BlackTeamCountry "TUR"]

1. d4 d5 2. Nf3 e6 3. e3 c5 4. b3 cxd4 5. Nxd4 Bb4+ 6. c3 Bd6 7. Nd2 Nf6 8. Bd3 Bd7 9. Qc2 Nc6 10. 0-0 Rc8 11. Nb5 Bb8 12. Nf3 a6 13. Nbd4 Nb4 14. Qd2 Nxd3 15. Qxd3 e5 16. Qe2 exd4 17. exd4+ Ne4 18. c4 0-0 19. cxd5 Nc3 20. Qd2 Nxd5 21. Bb2 Bf4 22. Qd1 Bf5 23. Nh4 Qxh4 24. g3 Qh3 25. Qf3 Rfe8 26. Rfe1 Bd2 27. Re5 Rxe5 28. dxe5 Bd7 29. Rd1 Bc6 30. Qe2 Ne3 31. f4 Nxd1 32. Qxd2 Nxb2 33. Qxb2 Rd8 34. Qe2 Rd1+ 0-1

[Event "TUR-chT2"]
[Site "Konya"]
[Date "2018.07.12"]
[Round "5.23"]
[White "Tekinyer, Ender"]
[Black "Cekceoglu, Deniz"]
[Result "1-0"]
[WhiteElo "1212"]
[BlackElo "1258"]
[PlyCount "138"]
[EventDate "2018.07.10"]
[EventType "team-swiss"]
[EventRounds "9"]
[EventCountry "TUR"]
[SourceTitle "EXT 2019"]
[Source "ChessBase"]
[SourceDate "2018.10.10"]
[SourceVersion "1"]
[SourceVersionDate "2018.10.10"]
[SourceQuality "1"]
[WhiteTeam "Erdem Kultur Egitim"]
[BlackTeam "Ermenek Turkuaz Yelken"]
[WhiteTeamCountry "TUR"]
[BlackTeamCountry "TUR"]

1. e4 c5 2. g3 e6 3. Bg2 d5 4. d3 Nf6 5. e5 Nfd7 6. f4 Nc6 7. Nf3 f6 8. exf6 Nxf6 9. d4 Qb6 10. c3 Bd6 11. Qb3 cxd4 12. Qxb6 axb6 13. Nxd4 Nxd4 14. cxd4 Ra4 15. Be3 Ng4 16. Bg1 0-0 17. h3 Nf6 18. Be3 Bd7 19. 0-0 Rfa8 20. Nc3 R4a6 21. Rfc1 b5 22. Bf1 Rb6 23. Bd3 b4 24. Nd1 Bb5 25. Bb1 b3 26. a3 Bc4 27. Nf2 Rc6 28. Kg2 b5 29. Bd3 Rc7 30. Bxc4 bxc4 31. Bd2 Kf7 32. Kf3 Nd7 33. Ng4 Nb6 34. Ne5+ Bxe5 35. fxe5 Na4 36. Rab1 Kg6 37. Bb4 Rf7+ 38. Ke3 h5 39. Rg1 Kh6 40. Rg2 Rf5 41. g4 Rg5 42. Be7 Rg6 43. g5+ Kh7 44. h4 Ra7 45. Bd6 Rf7 46. Rf2 Rf5 47. Bb4 Kg8 48. Bc3 Kf7 49. Rbf1 Ke7 50. Kd2 Kd7 51. Kc1 Kc7 52. Bb4 Nb6 53. Ba5 Kc6 54. Bxb6 Kxb6 55. Kd2 Kc6 56. Kc3 Kb5 57. Rf4 Ka5 58. Rxf5 exf5 59. Rxf5 Re6 60. Rf7 Re8 61. g6 Rg8 62. e6 Re8 63. e7 Kb5 64. Rxg7 Kc6 65. Rf7 Kd7 66. g7 Rg8 67. Rf8 Kxe7 68. Rxg8 Kf7 69. Rd8 Kxg7 1-0